Guess the Taylor Swift Song by the Lyrics #21 - Statistics

General Stats
  • This quiz has been taken 77 times
  • The average score is 272 of 401
Answer Stats
LYRICS % Correct
I
100%
"I
100%
the
97%
you
93%
you,
93%
you?"
93%
love
91%
it
90%
we
88%
We
88%
when
88%
me
86%
me),
86%
me)
86%
to
86%
and
84%
And
84%
"Do
84%
My
84%
in
83%
then,
83%
Then
83%
No
81%
so
81%
that
78%
I'm
76%
know
76%
like
76%
on
76%
say
76%
they
76%
They
76%
were
76%
go
74%
this
74%
But
72%
could
71%
night
71%
night"
71%
time
69%
was
69%
don't
67%
how
67%
Not
67%
up
66%
first
64%
I'd
64%
saw
64%
back
62%
Back
62%
never
62%
as
60%
miss
60%
very
60%
did
59%
wish
57%
Cause
55%
out
55%
all
53%
car
53%
down
52%
much
52%
one
52%
Didn't
50%
didn't
50%
we'd
50%
about
48%
Every
48%
goes
48%
Take
48%
take
48%
(Take
48%
at
47%
fly
47%
L.A
47%
sky
47%
away,
45%
away
45%
pick
45%
friends
43%
going
43%
broke
38%
remember
38%
both
36%
comin'
36%
Everything
36%
read
36%
write
36%
fell
34%
forget
34%
party
34%
seem
34%
fall
33%
knows
33%
phone
33%
same
33%
drive
31%
lead
31%
ridin'
31%
through
31%
each
29%
hearts
29%
hotel
29%
picture
29%
Polaroid
29%
roads
29%
whisper
29%
different
28%
other's
28%
weren't
28%
words
28%
alone
26%
apart
26%
broken-hearted
26%
children
26%
hallway
26%
note
26%
weekend,
26%
whispered
26%
built
24%
status
24%
trying
24%
Dance
22%
quo
22%
runnin'
22%
chase
19%
kitchen,
16%
No matching quizzes found
Score Distribution
Percent of People with Each Score
Percentile by Number Answered
Your Score History
You have not taken this quiz